| 000 | 00826cam a2200313 i 4500 | ||
|---|---|---|---|
| 001 | 0000847 | ||
| 003 | DO-SdBNP | ||
| 005 | 20180221095838.0 | ||
| 007 | 0000847 | ||
| 008 | 100514s 2007 xxu a | |||| 000 f spa | ||
| 015 | _a | ||
| 017 |
_a _b |
||
| 020 | _a9780764137204 | ||
| 020 | _a0764137204 | ||
| 035 | _a | ||
| 040 |
_aBPMSU _bspa _cBPMSU _e |
||
| 080 | _a | ||
| 100 | 1 | _aMarx, David F. | |
| 245 | 1 | 0 |
_aSailor Taylor sets sail / _h _cDavid F. Marx ; ilustración Lynn Avril Cravath |
| 260 |
_aHauppauge, New York : _bBarron´s, _c2007. |
||
| 300 |
_a24 p.: _bil. _c23 cm. |
||
| 490 | 1 | _aReader´s clubhouse | |
| 500 | _aLever 3. | ||
| 700 | 1 |
_aAvril Cravath, Lynn _eil. |
|
| 830 | 0 | _aReader´s clubhouse | |
| 942 |
_2ddc _cBK |
||
| 945 | _ainventariado, 2018 / dg | ||
| 956 |
_aYLOCKWARD _810 _cBPMSU |
||
| 999 |
_c12194 _d12194 |
||